Statistics for Who's that Pokemon?

Click here to take the quiz!

General Stats

  • This quiz has been taken 145 times
    (37 since last reset)
  • The average score is 14 of 20

Answer Stats

Answer% Correct
Pokemon Go Eevee
100%
Snorlax
100%
Squirtle
100%
Magikarp
94%
Pixel Pikachu
94%
Glowing Bulbasaur
93%
Koffing
93%
Mew
93%
Psyduck
93%
Pichu
92%
Pokemon Go Squirtle
92%
Bulbasaur
91%
Charmander
91%
Sleepy Eevee
90%
Eevee
89%
Pikachu
89%
Corona Bulbasaur
88%
Diglett
88%
Geodude
87%
Cubone 2
83%
Vulpix
83%
Cubone
82%
Mewtwo
82%
Lugia
81%
Growlithe
79%
Jolteon
79%
Meowth
79%
Charizard
77%
Mudkip
75%
Munchlax
75%
Flareon
71%
Vaporeon
70%
Espeon
65%
Mimikyu
64%
Rowlet
63%
Absol
62%
Cubone 3
50%
Pokemon Go Bruxish
43%
Charmander in drip
19%
Klinklang card
13%
Pikacute
13%
Squirtle with Drip
13%
Dripchu
11%
Pika-many
9%
Cobalion card
7%
Pikachu in real life
7%

Score Distribution

Percentile by Number Answered

Percent of People with Each Score

Your Score History

You have not taken this quiz since the last reset